000 00297nam a22001217a 4500
999 _c13219
_d13219
020 _a9781292153919
082 _a004.019
100 _aSheiderman Plaisant Cohen Jacobs Elmqvist
245 _aDesigning the User Interface
260 _aMalaysia
_bPearson
_c2018
300 _a622 pages
942 _cBK